Normal view
MARC view
Entry Personal Name
001 - CONTROL NUMBER
- control field: 7048
003 - CONTROL NUMBER IDENTIFIER
- control field: OSt
005 - DATE AND TIME OF LATEST TRANSACTION
- control field: 20190712071930.0
008 - FIXED-LENGTH DATA ELEMENTS
- fixed length control field: 190712|| aca||aabn | a|a d
040 ## - CATALOGING SOURCE
- Original cataloging agency: OSt
- Transcribing agency: OSt
100 ## - HEADING--PERSONAL NAME
- Personal name: Castilla, Emilio
670 ## - SOURCE DATA FOUND
- Source citation: Work cat.: (OSt): Castilla, Emilio, Best in class: the returns on application endorsements in higher education, 2019
